Tabela Wszechczasów Ligi Mistrzów - Statystyki

Ogólne statystyki
  • Ten quiz został rozwiązany 158 razy
  • Średni wynik to 75 z 353
Statystyki odpowiedzi
Miejsce Punkty Kraj Klub % Poprawnych
1. 930 Hiszpania Real Madryt
100%
3. 646 Hiszpania FC Barcelona
99%
2. 747 Niemcy Bayern Monachium
95%
6. 439 Włochy AC Milan
93%
18. 216 Anglia Manchester City
93%
4. 524 Anglia Manchester United
93%
7. 432 Anglia FC Liverpool
91%
9. 403 Portugalia FC Porto
91%
5. 521 Włochy Juventus Turyn
90%
11. 350 Holandia Ajax Amsterdam
89%
8. 403 Portugalia Benfika Lizbona
89%
12. 329 Włochy Inter Mediolan
89%
14. 261 Hiszpania Atletico Madryt
87%
15. 261 Niemcy Borussia Dortmund
87%
10. 355 Anglia Chelsea FC
87%
13. 306 Anglia FC Arsenal
87%
16. 249 Francja FC Paris Saint-Germain
85%
21. 207 Szkocja Celtic Glasgow
80%
74. 47 Polska Legia Warszawa
80%
20. 208 Holandia PSV Eindhoven
79%
17. 236 Ukraina Dynamo Kijów
77%
26. 160 Szkocja Glasgow Rangers
75%
43. 99 Portugalia Sporting CP
74%
28. 149 Włochy AS Roma
73%
22. 194 Belgia RSC Anderlecht
72%
23. 184 Hiszpania Valencia CF
70%
42. 99 Hiszpania Sevilla FC
69%
46. 94 Anglia Tottenham Hotspur
69%
45. 96 Włochy SSC Napoli
68%
25. 165 Turcja Galatasaray
67%
32. 134 Ukraina Szachtar Donieck
67%
113. 22 Polska Lech Poznań
66%
33. 129 Francja AS Monaco
64%
36. 123 Czechy AC Sparta Praga
63%
31. 136 Niemcy Bayer 04 Leverkusen
63%
19. 210 Francja Olympique Lyon
63%
24. 169 Grecja Olympiakos Pireus
62%
131. 17 Polska Widzew Łódź
62%
47. 89 Rosja CSKA Moskwa
61%
29. 147 Francja Olympique Marseille
61%
27. 158 Serbia Crvena Zvezda Belgrad
59%
39. 104 Niemcy FC Schalke 04
59%
38. 112 Holandia Feyenoord Rotterdam
59%
30. 145 Grecja Panathinaikos Ateny
59%
188. 8 Polska Wisła Kraków
56%
59. 72 Włochy Lazio Rzym
55%
63. 66 Polska Górnik Zabrze
54%
77. 46 Grecja AEK Ateny
51%
37. 115 Belgia FC Brügge
51%
51. 82 Austria FK Austria Wiedeń
51%
104. 24 Hiszpania Real Sociedad
51%
97. 30 Anglia Aston Villa
50%
58. 73 Niemcy Borussia Mönchengladbach
50%
66. 60 Niemcy Hamburger SV
50%
82. 40 Anglia Nottingham Forest
50%
68. 59 Niemcy RB Leipzig
50%
206. 7 Czechy SK Slavia Praga
50%
34. 125 Rosja Spartak Moskwa
50%
95. 31 Hiszpania Athletic Bilbao
49%
40. 102 Szwajcaria FC Basel 1893
48%
166. 10 Szwecja IFK Malmö
48%
70. 53 Szwecja Malmö FF
48%
98. 30 Włochy Atalanta BC
47%
81. 42 Francja LOSC Lille
47%
35. 123 Bułgaria CSKA-Sofia
46%
48. 84 Hiszpania Deportivo de La Coruña
46%
158. 12 Portugalia SC Braga
46%
50. 83 Niemcy SV Werder Bremen
46%
88. 35 Szwajcaria BSC Young Boys
45%
91. 33 Niemcy VfL Wolfsburg
45%
62. 66 Włochy AC Fiorentina
44%
65. 64 Turcja Besiktas JK
43%
60. 70 Turcja Fenerbahce
43%
92. 33 Chorwacja GNK Dinamo Zagrzeb
43%
191. 8 Belgia KRC Genk
43%
85. 37 Dania FC Kopenhaga
42%
167. 10 Belgia KAA Gent
42%
108. 23 Anglia Newcastle United
42%
201. 7 Hiszpania Real Betis Balompié
42%
55. 77 Austria SK Rapid Wiedeń
42%
90. 34 Austria Red Bull Salzburg
41%
56. 77 Rosja Zenit Petersburg
41%
96. 31 Niemcy VfB Stuttgart
40%
52. 79 Francja FC Girondins Bordeaux
39%
49. 84 Norwegia Rosenborg BK
39%
94. 31 Niemcy 1.FC Frankfurt
38%
124. 19 Polska Ruch Chorzów
38%
160. 11 Anglia FC Everton
37%
86. 36 Węgry Ferencvárosi TC
37%
76. 46 Serbia FK Partizan Belgrad
37%
133. 16 Hiszpania Málaga CF
37%
144. 15 Czechy FC Viktoria Pilzno
35%
89. 35 Rosja Lokomotiv Moskwa
35%
99. 29 Niemcy 1.FC Köln
34%
73. 47 Chorwacja HNK Hajduk Split
34%
130. 17 Anglia Leicester City
34%
138. 16 Francja RC Lens
34%
260. 3 Polska ŁKS Łódź
33%
106. 23 Francja OGC Nice
33%
179. 9 Włochy Parma Calcio 1913
32%
161. 11 Holandia AZ Alkmaar
31%
72. 48 Hiszpania Villarreal CF
31%
103. 24 Niemcy Eintracht Frankfurt
30%
64. 64 Francja AS Saint-Étienne
29%
44. 98 Rumunia FCSB
29%
61 66 Anglia Leeds United
29%
109. 23 Austria SK Sturm Graz
29%
102. 26 Cypr APOEL Nikosia
28%
128. 18 Rumunia CFR Cluj
28%
71. 50 Francja FC Nantes
28%
217. 5 Włochy Torino FC
28%
240. 4 Grecja PAOK Saloniki
27%
125. 19 Białoruś BATE Borysów
26%
236. 4 Anglia Blackburn Rovers
25%
328. 0 Finlandia Helsinki IFK
25%
84. 39 Szwajcaria FC Zürich
24%
272. 2 Francja Montpellier HSC
24%
156. 12 Rosja Rubin Kazań
24%
101. 26 Turcja Trabzonspor
24%
180. 9 Hiszpania Celta De Vigo
23%
41. 100 Szwecja IFK Göteborg
23%
93. 32 Cypr Omonia Nikozja
23%
198. 7 Włochy Udinese Calcio
23%
233. 4 Włochy FC Bologna
22%
212. 6 Holandia FC Twente Enschede
22%
121. 20 Finlandia HJK Helsinki
22%
286. 1 Polska Śląsk Wrocław
22%
293. 1 Francja Stade Rennais FC
22%
119. 20 Dania Bröndby IF
21%
54. 77 Belgia Standard Liège
21%
224. 5 Rosja FK Krasnodar
19%
120. 20 Bułgaria Levski Sofia
19%
262. 3 Norwegia Molde FK
19%
182. 9 Hiszpania RCD Mallorca
19%
330. 0 Belgia Royal Antwerpia FC
19%
114. 22 Francja AJ Auxerre
18%
255. 3 Niemcy TSG 1899 Hoffenheim
18%
207. 7 Bułgaria Ludogorets Razgrad
17%
116. 20 Włochy UC Sampdoria
17%
118. 20 Niemcy 1.FC Kaiserslautern
15%
170. 10 Dania Aalborg BK
15%
123. 19 Szkocja Aberdeen FC
15%
129. 18 Portugalia Boavista Porto FC
15%
150. 13 Irlandia Dundalk FC
15%
246. 4 Izrael Maccabi Tel Aviv
15%
252. 3 Polska Zagłębie Lubin
15%
309. 0 Austria LASK
14%
171. 10 Izrael Maccabi Haifa
14%
136. 16 Niemcy 1.FC Nürnberg
13%
205. 7 Dania B1909 Odense
13%
263. 3 Turcja Basaksehir FK
13%
199. 7 Mołdawia FC Sheriff Tyraspol
13%
181. 9 Polska Polonia Bytom
13%
165. 10 Francja RC Strasbourg Alsace
13%
78. 45 Francja Stade Reims
13%
153. 12 Białoruś Dinamo Minsk
12%
204. 7 Szwecja Djurgårdens IF
12%
87. 35 Szwajcaria Grasshopper Club Zurych
12%
75. 46 Słowacja Spartak Trnava
12%
341. 0 Cypr AEL Limassol
11%
210. 6 Włochy Cagliari Calcio
11%
141. 15 Szkocja Dundee FC
11%
294. 1 Albania FC Dinamo
11%
214. 6 Słowacja FC Petrzalka
11%
261. 3 Szkocja Heart of Midlothian FC
11%
172. 10 Słowenia NK Maribor
11%
313. 0 Polska Stal Mielec
11%
258. 3 Polska Szombierki Bytom
11%
275. 2 Dania FC Midtjylland
10%
195. 7 Szwajcaria FC Sion
10%
219. 5 Izrael Hapoel Tel Aviv
10%
173. 9 Anglia Ipswich Town
10%
178. 9 Holandia Sparta Rotterdam
10%
242. 4 Szwecja AIK Solna
9%
292. 1 Austria FC Linz
9%
157. 12 Albania KF Tirana
9%
344. 0 Słowacja MSK Zilina
9%
57. 76 Czechy FK Dukla Praga
8%
218. 5 Bośnia I Hercegowina FK Sarajevo
8%
276. 2 Azerbejdżan Qarabağ FK
8%
67. 59 Węgry Újpest FC
8%
189. 8 Anglia Wolverhampton Wanderers
8%
215. 6 Cypr Anorthosis Famagusta
7%
306. 0 Irlandia Cork City FC
7%
238. 4 Kazachstan FC Astana
7%
127. 18 Czechy FC Banik Ostrava
7%
137. 16 Serbia FK Vojvodina Novi Sad
7%
196. 7 Włochy Hellas Verona
7%
111. 22 Szwajcaria Servette FC
7%
107. 23 Słowacja Slovan Bratislava
7%
174. 9 Niemcy TSV 1860 München
7%
229. 5 Norwegia Viking FK
7%
112. 22 Dania Aarhus GF
6%
257. 3 Cypr Apollon Limassol
6%
253. 3 Niemcy FC Hansa Rostock
6%
319. 0 Szwajcaria FC Luzern
6%
237. 4 Szwajcaria FC Thun
6%
164. 10 Szkocja Hibernian FC
6%
349. 0 Islandia KR Reykjavík
6%
175. 9 Belgia KV Mechelen
6%
342. 0 Węgry Debreceni VSC
5%
222. 5 Szkocja Kilmarnock FC
5%
100. 27 Irlandia Północna Linfield FC
5%
339. 0 Słowacja 1.FC Kosice
4%
297. 1 Turcja Bursaspor
4%
345. 0 Cypr EPA Larnaka
4%
209. 6 Anglia FC Burnley
4%
53. 78 Rumunia FC Dinamo 1948
4%
225. 5 Rosja FK Rostov
4%
228. 5 Norwegia Vålerenga Fotball
4%
325. 0 Macedonia Północna Vardar Skopje
4%
79. 42 Węgry Vasas FC
4%
117. 20 Anglia Derby County
3%
266. 3 Finlandia FC Haka
3%
226. 5 Szwecja Helsingborgs IF
3%
168. 10 Bułgaria Lokomotiv Sofia
3%
216. 6 Norwegia Lyn 1896 FK
3%
80. 42 Niemcy SG Dynamo Dresden
3%
245. 4 Irlandia Shamrock Rovers
3%
270. 3 Malta Valletta FC
3%
274. 2 Holandia Willem II Tilburg
3%
177. 9 Niemcy 1.FC Magdeburg
2%
285. 1 Bułgaria Beroe Stara Zagora
2%
69. 53 Niemcy BFC Dynamo
2%
176. 9 Czechy Bohemians Praga 1905
2%
83. 39 Węgry Budapest Honvéd FC
2%
132. 16 Szkocja Dundee United FC
2%
211. 6 Niemcy Eintracht Braunschweig
2%
159. 12 Dania Esbjerg fB
2%
110. 22 Węgry ETO FC Györ
2%
282. 1 Szwajcaria FC Aarau
2%
336. 0 Finlandia FC Inter Turku
2%
290. 1 Szwajcaria FC Lausanne-Sport
2%
302. 1 Dania FC Nordsjaelland
2%
145. 14 Rumunia FC U Craiova 1948
2%
105. 24 Austria FC Wacker Innsbruck
2%
163. 11 Albania FK Partizani
2%
143. 15 Irlandia Północna Glentoran FC Belfast
2%
220. 5 Polska Gwardia Warszawa
2%
115. 21 Luksemburg Jeunesse Esch
2%
296. 1 Belgia Lierse SK
2%
340. 0 Irlandia Limerick FC
2%
314. 0 Norwegia Moss FK
2%
298. 1 Dania Odense Boldklub
2%
288. 1 Niemcy Rot-Weiss Essen
2%
239. 4 Holandia SC Heerenveen
2%
334. 0 Rumunia SC Otelul Galati
2%
327. 0 Irlandia Sligo Rovers
2%
289. 1 Irlandia St. Patrick's Athletic
2%
187. 8 Rumunia Unirea Urziceni
2%
333. 0 Islandia Víkingur Reykjavík
2%
251. 3 Niemcy 1.FC Saarbrücken
1%
329. 0 Irlandia Półncona Ards FC
1%
316. 0 Izrael Beitar Jerusalem
1%
346. 0 Irlandia Północna Crusaders FC
1%
264. 3 Irlandia Derry City
1%
140. 15 Armenia FC Ararat Erewan
1%
142. 15 Niemcy FC Carl Zeiss Jena
1%
122. 19 Niemcy FC Erzgebirge Aue
1%
221. 5 Czechy FC Hradec Kralove
1%
208. 6 Czechy FC Zbrojovka Brno
1%
337. 0 Litwa FK Zalgiris Wilno
1%
269. 3 Malta Floriana FC
1%
287. 1 Irlandia Północna Glenavon FC
1%
244. 4 Malta Hamrun Spartans
1%
230. 5 Malta Hibernians FC
1%
335. 0 Norwegia IK Start
1%
192. 7 Słowacja Inter Bratislava
1%
186. 8 Belgia KSK Beveren
1%
154. 12 Szwajcaria Neuchâtel Xamax FCS
1%
348. 0 Malta Rabat Ajax
1%
321. 0 Irlandia Shelbourne FC
1%
320. 0 Norwegia Strømsgodset IF
1%
277. 2 Rumunia UTA Arad
1%
247. 3 Grecja AE Larisa
0%
234. 4 Dania Akademisk Boldklub
0%
303. 1 Luksemburg Aris Bonneweg
0%
273. 2 Irlandia Athlone Town AFC
0%
155. 12 Szwecja Åtvidabergs FF
0%
227. 5 Irlandia Bohemian Football Club
0%
200. 7 Dania Boldklubben 1903
0%
256. 3 Bułgaria Botev Plovdiv
0%
308. 0 Niemcy Chemnitzer FC
0%
338. 0 Irlandia Północna Coleraine FC
0%
324. 0 Irlandia Cork Celtic FC
0%
323. 0 Irlandia Cork Hibernians
0%
279. 1 Węgry Csepel FC
0%
248. 3 Gruzja Dinamo Tbilisi
0%
126. 18 Ukraina Dnipro Dniepropetrowsk
0%
267. 3 Irlandia Drumcondra FC
0%
148. 13 Holandia DWS Amsterdam
0%
284. 1 Bułgaria Etar Veliko Tarnovo
0%
152. 12 Rumunia FC Arges Pitesti
0%
353. 0 Luksemburg FC Avenir Beggen
0%
139. 16 Finlandia FC Kuusysi
0%
223. 5 Szwajcaria FC La Chaux-de-Fonds
0%
299. 1 Luksemburg FC Progrès Niederkorn
0%
231. 4 Rumunia FC Rapid 1923
0%
190. 8 Finlandia FC Reipas Lahti
0%
312. 0 Niemcy FC Sachsen Leipzig
0%
310. 0 Bośnia i Hercegowina FK Zeljeznicar Sarajevo
0%
271. 2 Albania Flamurtari FC
0%
278. 2 Islandia Fram Reykjavík
0%
243. 4 Norwegia Fredrikstad FK
0%
235. 4 Szwecja Halmstads BK
0%
332. 0 Finlandia Helsingin Palloseura
0%
169. 10 Niemcy Herta BSC
0%
202. 7 Dania Hvidovre IF
0%
183. 9 Islandia ÍA Akranes
0%
281. 1 Islandia ÍBV Vestmannaeyjar
0%
162. 11 Szwecja IFK Norrköping
0%
318. 0 Finlandia Ilves Tampere
0%
254. 3 Islandia KA Akureyri
0%
350. 0 Islandia Keflavík ÍF
0%
326. 0 Albania KF Elbasani
0%
249. 3 Albania KF Vllaznia
0%
147. 14 Dania Kjöbenhavns Boldklub
0%
322. 0 Dania Köge Boldklub
0%
343. 0 Finlandia Kokkolan Pallo-Veikot
0%
300. 1 Finlandia Kuopion Palloseura
0%
146. 14 Norwegia Lillestrøm SK
0%
291. 1 Irlandia Północna Lisburn Distillery FC
0%
193. 7 Dania Lyngby BK
0%
197. 7 Czechy MFK Vitkovice
0%
134. 16 Węgry MTK Budapest
0%
331. 0 Słowenia NK Olimpija Ljubljana
0%
304. 1 Cypr Olympiakos Nikosia
0%
311. 0 Szwecja Örgryte IS
0%
241. 4 Szwecja Östers IF
0%
301. 1 Finlandia Oulun Palloseura
0%
203. 7 Rumunia Petrolul Ploiesti
0%
317. 0 Cypr Pezoporikos Larnaca
0%
347. 0 Irlandia Północna Portadown FC
0%
307. 0 Holandia Rapid JC
0%
259. 3 Luksemburg Red Boys Differdange
0%
213. 6 Belgia RWD Molenbeek
0%
283. 1 Austria SK Admira Wien
0%
280. 1 Norwegia Skeid Oslo
0%
295. 1 Łotwa Skonto Riga
0%
315. 0 Ukraina SK Tawrija Symferopol
0%
151. 13 Malta Sliema Wanderers
0%
232. 4 Bułgaria Spartak Plovdiv 1947
0%
268. 3 Luksemburg Spora Luxemburg
0%
351. 0 Luksemburg Stade Dudelange
0%
250. 3 Rosja Torpedo Moskau
0%
265. 3 Finlandia Turun Palloseura
0%
352. 0 Luksemburg Union Luxembourg
0%
185. 9 Islandia Valur Reykjavik
0%
149. 13 Dania Vejle Boldklub
0%
305. 0 Holandia VV DOS Utrecht
0%
184. 9 Irlandia Waterford FC
0%
135. 16 Austria Wiener Sport-Club
0%
194. 7 Ukraina Zaria Ługańsk
0%
Nie znaleziono quizów pasujących do podanych kryteriów
Rozkład punktacji
Procent ludzi z każdym wynikiem
Percentyl według liczby udzielonych odpowiedzi
Twoja historia wyników
Nie rozwiązałeś tego quizu